[Event "New York State-ch"]
[Site "New York"]
[Date "1998.??.??"]
[Round "1"]
[White "Bauer, Richard N"]
[Black "Chipkin, Leonard"]
[Result "1-0"]
[WhiteElo "2280"]
[BlackElo "2170"]

1.e4 e6 2.d4 d5 3.Nd2 a6 4.Ngf3 c5 5.exd5 exd5 6.dxc5 Bxc5 7.Nb3 Bd6 8.Bg5 Ne7
9.Qd2 Nbc6 10.O-O-O Qc7 11.Kb1 O-O 12.Nfd4 h6 13.Be3 Nf5 14.Nxf5 Bxf5 15.Bd3 Bxd3
16.Qxd3 Rfd8 17.c3 Ne5 18.Qxd5 Nc4 19.Bc5 Nd2+ 20.Qxd2 Bxc5 21.Qc2 Bb6 22.g3 Qc6
23.f4 a5 24.Rhe1 Rac8 25.a3 Qb5 26.Re5 Rxd1+ 27.Qxd1 Qa4 28.Qd5 Rd8 29.Qb5 Qxb5
30.Rxb5 Bg1 31.Nxa5 b6 32.Nc6 Rd6 33.Ne7+ Kf8 34.Nd5 Bc5 35.c4 Re6 36.b4 Bd4
37.c5 bxc5 38.bxc5 Re8 39.c6 Rc8 40.Kc2 Ke8 41.c7 Kd7 42.a4 Bg1 43.h3 Kd6
44.Rb8 Kd7 45.a5  1-0

[Event "Nova Gorica op"]
[Site "Nova Gorica"]
[Date "1998.??.??"]
[Round "3"]
[White "Ursic, Silvio"]
[Black "Marjanovic, Slavko"]
[Result "0-1"]
[WhiteElo "2050"]
[BlackElo "2035"]

1.e4 e6 2.d4 d5 3.Nd2 Nc6 4.Ngf3 dxe4 5.Nxe4 Nf6 6.Bd3 Be7 7.O-O h6 8.c3 O-O
9.Bf4 b6 10.Qd2 Nxe4 11.Bxe4 Bb7 12.Bxh6 f5 13.Bxc6 Bxc6 14.Ne5 Bb7 15.Be3 g5
16.Qe2 Qd5 17.f3 Kg7 18.Bd2 Rh8 19.Qd1 Bf6 20.Re1 c5 21.Bc1 Rad8 22.Be3 Kg8
23.Qd2 Bxe5 24.Bxg5 Bxh2+ 25.Kf1 Ba6+ 26.Re2 Bg3 27.Be3 Rh1+ 28.Bg1 Qc4 29.Qg5+ Kf7
30.Re1 Bxe1  0-1

[Event "RUS-Cup"]
[Site "Omsk/Perm"]
[Date "1998.??.??"]
[Round "2"]
[White "Danilovtsev, Valery"]
[Black "Kiriakov, Petr"]
[Result "0-1"]
[WhiteElo "2270"]
[BlackElo "2495"]

1.e4 e6 2.d4 d5 3.Nd2 a6 4.Ngf3 c5 5.Be2 Nc6 6.exd5 exd5 7.O-O cxd4 8.Re1 Be7
9.Nb3 Nf6 10.Nbxd4 O-O 11.Bg5 h6 12.Bh4 g5 13.Bg3 Ne4 14.c3 f5 15.Nxc6 bxc6
16.Nd4 Qb6 17.Be5 c5 18.Qb3 Qxb3 19.Nxb3 Be6 20.Bf1 Kf7 21.f3 Nf6 22.Re2 Rfe8
23.Rae1 Bf8 24.Bg3 Nd7 25.Bf2 a5 26.Nc1 Rab8 27.Rd2 a4 28.b3 Bg7 29.Rc2 f4
30.bxa4 c4 31.Bd4 Bxd4+ 32.cxd4 Bf5 33.Rxe8 Kxe8 34.Rc3 Ra8 35.Ra3 Nb8 36.Ne2 Nc6
37.a5 Rxa5 38.Rxa5 Nxa5 39.Nc3 Be6 40.a4 Ke7 41.Kf2 Nb3 42.Nb5 Bd7 43.Nc3 Kd6
44.h4 Nxd4 45.hxg5 hxg5 46.g3 Kc5 47.gxf4 gxf4 48.Be2 Bc6 49.Ke1 Kb4 50.Kd2 Nb3+
51.Kc2 d4 52.Na2+ Kc5 53.Bd1 Bxa4  0-1

[Event "RUS-Cup"]
[Site "Omsk/Perm"]
[Date "1998.??.??"]
[Round "3"]
[White "Ulibin, Mikhail"]
[Black "Totsky, Leonid"]
[Result "1/2-1/2"]
[WhiteElo "2575"]
[BlackElo "2490"]

1.e4 e6 2.d4 d5 3.Nd2 Be7 4.Bd3 Nc6 5.Ngf3 Nb4 6.Be2 dxe4 7.Nxe4 Nf6 8.Nxf6+ Bxf6
9.c3 Nd5 10.Bd2 b6 11.Ne5 Bxe5 12.dxe5 Bb7 13.Qa4+ Qd7 14.Bb5 c6 15.Be2 Qc7
16.f4 O-O 17.Bd3 c5 18.Qe4 f5 19.Qe2  1/2-1/2

[Event "Wch U12"]
[Site "Oropesa del Mar"]
[Date "1998.??.??"]
[Round "7"]
[White "Nemeth, Maria Jr"]
[Black "Hassan, A."]
[Result "1-0"]
[WhiteElo "2045"]
[BlackElo "2015"]

1.e4 e6 2.d4 d5 3.Nd2 a6 4.c3 c5 5.exd5 exd5 6.Ngf3 c4 7.b3 cxb3 8.axb3 Nf6
9.Bd3 Bd6 10.O-O O-O 11.Qc2 Nc6 12.Re1 Qc7 13.Nf1 h6 14.h3 Bd7 15.Ne3 Rac8
16.Bd2 Bf4 17.Qc1 Ne4 18.Nxd5 Nxd2 19.Nxd2 Qd6 20.Nxf4 Qxf4 21.Nc4 Qc7 22.Ne3 Na5
23.Nd5 Nxb3 24.Qb2 Qd8 25.Ne7+ Kh8 26.Qxb3 Rc7 27.Nd5 Rc6 28.Ne3 Rb6 29.Qc2 Qg5
30.Bf5 Bc6 31.d5 Be8 32.c4 g6 33.c5 Rf6 34.Bc8 h5 35.Bxb7 Bd7 36.Kh1 Qh4
37.Kg1 Re8 38.Rxa6 Bxh3 39.Qb2 Re5 40.Qxe5 Qxf2+ 41.Kh2 Be6 42.Rf1  1-0

[Event "Wch U14"]
[Site "Oropesa del Mar"]
[Date "1998.??.??"]
[Round "8"]
[White "Navara, David"]
[Black "Drozdovsky, Yuri"]
[Result "1/2-1/2"]
[WhiteElo "2275"]
[BlackElo "2295"]

1.e4 e6 2.d4 d5 3.Nd2 a6 4.e5 c5 5.c3 Nc6 6.Ndf3 Qb6 7.Bd3 cxd4 8.cxd4 Nge7
9.Ne2 Nf5 10.O-O Be7 11.b3 Bd7 12.Bxf5 exf5 13.Bg5 Ba3 14.Nf4 Be6 15.Nd3 h6
16.Be3 a5 17.Nc5 f4 18.Na4 Qa7 19.Bc1 Be7 20.Bb2 b6  1/2-1/2

[Event "Pardubice Czech op"]
[Site "Pardubice"]
[Date "1998.??.??"]
[Round "2"]
[White "Wagener, Claude"]
[Black "Pcola, Pavel"]
[Result "1/2-1/2"]
[WhiteElo "2200"]
[BlackElo "2420"]

1.e4 e6 2.d4 d5 3.Nd2 Nc6 4.Ngf3 Nf6 5.e5 Nd7 6.c3 b6 7.Bd3 a5 8.Qe2 Ndb8
9.O-O Ba6 10.Ne1 Ne7 11.f4 Bxd3 12.Nxd3 h5 13.g3 Nf5 14.Kg2 Be7 15.Nf3 c5
16.Be3 Nd7 17.Bf2 Qc8 18.h3 Qa6 19.g4 Nh6 20.Kg3 Nf8 21.Qd2 c4 22.Nde1 hxg4
23.hxg4 f5 24.g5 Ng4 25.Ng2 Ng6 26.Rh1 Kf7 27.Ne3 Nxe3 28.Bxe3 b5 29.a3 Qb7
30.Qg2 b4 31.Rxh8 Rxh8 32.axb4 axb4 33.Rh1 Rxh1 34.Qxh1 bxc3 35.bxc3 Qb2
36.Qe1 Qc2 37.Bd2 Qd3 38.Qe3 Qc2 39.Qe1 Ba3 40.Qa1 Qd3 41.Qe1 Bb2 42.Kf2 Qc2
43.Kg3 Ke7 44.Qe3 Ke8 45.Qe1 Kf8 46.Qe3 Ke7 47.Qe1 Qd3 48.Kf2 Kd8 49.Qe3 Qc2
50.Ne1 Qe4 51.Qxe4 fxe4 52.Ng2 Kc7 53.Ke2 Kc6 54.Kd1 e3 55.Be1 Kb5 56.Kc2 Ba3
57.Bg3 e2 58.Be1 Ka4 59.Bd2 Be7  1/2-1/2

[Event "Pardubice Czech op"]
[Site "Pardubice"]
[Date "1998.??.??"]
[Round "4"]
[White "Kutuzovic, Branko"]
[Black "Alienkin, Aleksander"]
[Result "1-0"]
[WhiteElo "2425"]
[BlackElo "2415"]

1.e4 e6 2.d4 d5 3.Nd2 a6 4.Ngf3 c5 5.dxc5 Bxc5 6.Bd3 Nf6 7.Qe2 Nc6 8.a3 Ba7
9.O-O Qc7 10.b4 e5 11.exd5 Nxd5 12.Nc4 Bg4 13.Ncxe5 Nxe5 14.Qxe5+ Qxe5 15.Nxe5 Bd4
16.Rb1 Bxe5 17.Re1 f6 18.f4 Nc3 19.Rb2 Ne2+ 20.Bxe2 Bc3 21.Bxg4+ Bxe1 22.Rb3 Kf7
23.Kf1 f5 24.Bf3 Bh4 25.Bxb7 Rad8 26.Ke2 Rhe8+ 27.Re3 Bf6 28.c4 a5 29.Bd5+ Kg6
30.Kd3 Rxd5+ 31.cxd5 Rd8 32.b5 Rxd5+ 33.Kc4 Rd4+ 34.Kc5 Kf7 35.Bb2 Rxf4 36.Bxf6 Kxf6
37.b6 Rf2 38.Rb3 a4 39.Rb4  1-0

[Event "Pardubice Czech op"]
[Site "Pardubice"]
[Date "1998.??.??"]
[Round "7"]
[White "Oral, Tomas"]
[Black "Gutman, Gennadi"]
[Result "0-1"]
[WhiteElo "2455"]
[BlackElo "2410"]

1.e4 e6 2.d4 d5 3.Nd2 a6 4.Ngf3 c5 5.exd5 exd5 6.Be2 cxd4 7.O-O Bd6 8.Nb3 Ne7
9.Qxd4 O-O 10.Bf4 Nbc6 11.Qd2 Bxf4 12.Qxf4 Ng6 13.Qd2 Qf6 14.Nfd4 Nf4 15.Nxc6 bxc6
16.Bf3 Ne6 17.c3 a5 18.Nd4 Ng5 19.Be2 Ne4 20.Qd1 Bb7 21.f3 Nd6 22.Nb3 Rfe8
23.Nc5 Qe7 24.Re1 Qe3+  0-1

[Event "Prievidza Cup 29th"]
[Site "Prievidza"]
[Date "1998.??.??"]
[Round "1"]
[White "Ciganikova, Andrea"]
[Black "Huba, Martin"]
[Result "1/2-1/2"]
[WhiteElo "2135"]
[BlackElo "2150"]

1.e4 e6 2.d4 d5 3.Nd2 a6 4.Ngf3 c5 5.exd5 exd5 6.dxc5 Bxc5 7.Nb3 Ba7 8.Be2 Nf6
9.O-O Bg4 10.Nfd4 Bd7 11.Bg5 Nc6 12.Bf3 O-O 13.c3 Nxd4 14.Nxd4 Bc6 15.Qd3 Re8
16.Rae1 Bxd4 17.Qxd4 Qd6 18.Bxf6 gxf6 19.Be4 Bb5 20.Bd3 Bxd3 21.Qxd3 Re5
22.Re3 Rae8 23.Rh3 f5 24.Qg3+ Qg6 25.f4 Re2 26.Rb1 Kh8 27.Qxg6 fxg6 28.Rf3 Rd2
29.Rf2 Ree2 30.Rxe2 Rxe2 31.a4 Kg7 32.b4 Kf6 33.Rd1 Ke6 34.Kf1 Rc2 35.Rd3 Kd6
36.h3 a5 37.bxa5 Kc5 38.g4 Ra2 39.Rd4 Ra3 40.Rb4 Kc6 41.Rb6+ Kc7 42.gxf5 gxf5
43.Rf6 Rxc3 44.Rxf5 Kc6 45.Ke2 Rxh3 46.Rf6+ Kc7 47.a6 bxa6 48.Rxa6 h5 49.Rh6 h4
50.f5 Kd7 51.a5 Ra3 52.Rxh4 Rxa5 53.Rf4 Ke7 54.f6+ Kf7 55.Rf5  1/2-1/2

[Event "RUS-ch sf"]
[Site "Pskov"]
[Date "1998.??.??"]
[Round "11"]
[White "Shinkevich, Vitaly"]
[Black "Totsky, Leonid"]
[Result "1/2-1/2"]
[WhiteElo "2395"]
[BlackElo "2490"]

1.e4 e6 2.d4 d5 3.Nd2 Be7 4.Bd3 b6 5.e5 Ba6 6.Bxa6 Nxa6 7.c3 Qd7 8.Ndf3 c5
9.Ne2 Bd8 10.h4 Ne7 11.Ng3 h5 12.Bg5 Nc6 13.Bxd8 Rxd8 14.O-O g6 15.Qe2 Nc7
16.dxc5 bxc5 17.c4 Qe7 18.Rac1 O-O 19.Qe3 Kg7 20.cxd5 Rxd5 21.Ne2 Na6 22.Nf4 Rd7
23.Ng5 Nd4 24.g3 Nb4 25.Ne4 Nd5 26.Nxd5 Rxd5 27.Nc3 Rd7 28.Ne4 Rd5 29.Nc3 Rd7
30.Ne4 Rd5 31.Nc3  1/2-1/2

[Event "CRO-Cup"]
[Site "Pula"]
[Date "1998.??.??"]
[Round "2"]
[White "Jovanic, Ognjen"]
[Black "Dusper, Hrvoje"]
[Result "1/2-1/2"]
[WhiteElo "2285"]
[BlackElo "2225"]

1.e4 e6 2.d4 d5 3.Nd2 Nc6 4.Ngf3 Nf6 5.e5 Nd7 6.Bb5 f6 7.O-O fxe5 8.dxe5 Be7
9.Qe2 O-O 10.c4 Nb6 11.cxd5 exd5 12.h3 a5 13.Re1 Na7 14.Bd3 c5 15.Nf1 Nc6
16.Ng3 c4 17.Bb1 g6 18.b3 Be6 19.Rd1 a4 20.bxc4 Nxc4 21.Bh6 Rf7 22.Be4 Qa5
23.Bd3 b5 24.Ng5 Bxg5 25.Bxg5 Qc3 26.Rab1 Nd4 27.Qe1 Qxe1+ 28.Rxe1 Na3 29.Rbc1 b4
30.Be3 Nf5 31.Bxf5 Bxf5 32.Nxf5 Rxf5 33.Bc5 Nc4 34.Bxb4 Rxe5 35.Red1 Rae8
36.Bc3 Rf5 37.g4 Rf3 38.Rxd5 Nb6 39.Rc5 Rxh3 40.Rb1 Rc8 41.Bd4 Rxc5 42.Bxc5 Nd5
43.Rd1 Nf6 44.Rd4 Rc3 45.Bd6 Rc6 46.Be5 h5 47.gxh5 gxh5 48.Rxa4 Ng4 49.Bd4 Kf7
50.Kg2 Kg6 51.f3 Nh6 52.Bf2 Nf5 53.f4 Rc3 54.Ra6+ Kf7 55.Ra5 Kg6 56.Rc5 Ra3
57.Rc6+ Kf7 58.Rc2 Ne3+ 59.Bxe3 Rxe3 60.Rc5 Ra3 61.Rxh5 Kf6  1/2-1/2

[Event "CRO-Cup"]
[Site "Pula"]
[Date "1998.??.??"]
[Round "2"]
[White "Kutuzovic, Branko"]
[Black "Levacic, Patrick"]
[Result "1-0"]
[WhiteElo "2425"]
[BlackElo "2365"]

1.e4 e6 2.d4 d5 3.Nd2 a6 4.Ngf3 Nf6 5.e5 Nfd7 6.Bd3 c5 7.c3 Nc6 8.O-O g6
9.Re1 Bg7 10.h4 Qb6 11.c4 O-O 12.Nb3 Nxd4 13.Nbxd4 cxd4 14.b3 f6 15.exf6 Nxf6
16.Bb2 Ng4 17.cxd5 exd5 18.Ba3 Rd8 19.Rc1 Nf6 20.Bc5 Qa5 21.b4 Qa3 22.Nxd4 Bd7
23.Bc2 Bh6 24.Rb1 Ne4 25.Rxe4 dxe4 26.Bb3+ Be6 27.Nxe6 Rxd1+ 28.Rxd1 Rc8
29.Ng5+ Kg7 30.Rd7+ Kf6 31.Bd4+ Kf5 32.Be6+ Kf4 33.g3+  1-0

[Event "CRO-chT2"]
[Site "Pula"]
[Date "1998.??.??"]
[Round "2"]
[White "Biti, Ozren"]
[Black "Bilobrk, Franjo"]
[Result "1/2-1/2"]
[WhiteElo "2220"]
[BlackElo "2365"]

1.e4 e6 2.d4 d5 3.Nd2 Nc6 4.Ngf3 Nf6 5.e5 Nd7 6.Be2 Be7 7.O-O f6 8.exf6 Bxf6
9.Nb3 O-O 10.Re1 e5 11.Bb5 e4 12.Nfd2 Ne7 13.Nf1 Bh4 14.g3 Bf6 15.Ne3 c6
16.Be2 Bg5 17.Ng2 Ng6 18.Rf1 Bxc1 19.Rxc1 Nf6 20.f4 exf3 21.Bxf3 Bh3 22.Re1 Qc7
23.Nc5 Rae8 24.Qd2 b6 25.Nd3 Ne4 26.Bxe4 dxe4 27.Nf2 Bxg2 28.Kxg2 Qf7 29.Re3 Qf5
30.Qe2 Qg5 31.Kh1 Rf7  1/2-1/2

[Event "CRO-Cup"]
[Site "Pula"]
[Date "1998.??.??"]
[Round "4"]
[White "Jukic, Branimir"]
[Black "Kovacevic, Vlatko"]
[Result "0-1"]
[WhiteElo "2385"]
[BlackElo "2520"]

1.e4 e6 2.d4 d5 3.Nd2 Nc6 4.Ngf3 Nf6 5.e5 Nd7 6.Bb5 a5 7.O-O Be7 8.Re1 h5
9.Nf1 Na7 10.Bd3 c5 11.c4 dxc4 12.Bxc4 b5 13.Bb3 c4 14.Bc2 Bb7 15.N1d2 Nb6
16.Ne4 Bxe4 17.Bxe4 Nd5 18.Bd2 Nc8 19.h4 Ncb6 20.Ng5 b4 21.Qf3 Bxg5 22.Bxg5 Qd7
23.Rac1 Rc8 24.a3 b3 25.Bd2 Qb5 26.Qg3 g6 27.Qh3 Kd7 28.Qf3 Rh7 29.Bxd5 Nxd5
30.Red1 Rc7 31.Qe2 Rh8 32.a4 Qa6 33.Qf3 Kc8 34.Qe2 Kb7 35.Qe4 Ra8 36.Qe1 Rc6
37.Qe4 Qb6 38.Bc3 Qd8 39.g3 Nb6 40.Qf3 Qd7 41.Be1 Nd5 42.Qe2 Qc7 43.Bc3 Rd8
44.Be1 Rc8 45.Qe4 Ka6 46.Bc3 Qd8 47.Qf3 Qd7 48.Be1 Rd8 49.Qe2 Qc7 50.Bc3 Rd7
51.Qe1 Qd8 52.Qe4 Rc8 53.Qe1 Ne7 54.Qe4 Nf5 55.Rd2 Rd5 56.Rcd1 g5 57.hxg5 Qxg5
58.Kf1 Qg4 59.Qxg4 hxg4 60.Re1 Rg8 61.Re4 Rg7 62.Rf4 Ne7 63.Kg2 Nc8 64.Rd1 Nb6
65.Ra1 Rd7  0-1

[Event "CRO-Cup"]
[Site "Pula"]
[Date "1998.??.??"]
[Round "5"]
[White "Brnas, Augustin"]
[Black "Kovacevic, Vlatko"]
[Result "0-1"]
[WhiteElo "2300"]
[BlackElo "2520"]

1.e4 e6 2.d4 d5 3.Nd2 Nc6 4.Ngf3 Nf6 5.e5 Nd7 6.Bb5 a5 7.O-O Be7 8.Re1 h5
9.Nf1 Na7 10.Bd3 c5 11.c3 Nc6 12.Be3 cxd4 13.cxd4 a4 14.a3 Nb6 15.Ng3 Bd7
16.Nd2 g6 17.Ne2 Na5 18.Nc3 Bc6 19.Rc1 Nac4 20.Qc2 Nxd2 21.Bxd2 Nc4 22.Bf4 b5
23.Na2 Bb7 24.Bd2 Rc8 25.Bc3 h4 26.Be2 Bg5 27.Rcd1 Bf4 28.h3 Kf8 29.Nb4 Kg7
30.Bg4 Bg5 31.Qe2 Nxa3 32.bxa3 Rxc3 33.Qxb5 Qa8 34.Ra1 Rb8 35.Bd1 Rc4 36.Qxa4 Rxd4
37.Qxa8 Rxa8 38.Nc2 Rd2 39.a4 Ba6 40.Nb4 Bc4 41.Nc2 Rb8 42.Ne3 Ba6 43.Nf1 Rdb2
44.Bf3 Bf4 45.Nh2 Bd2 46.Red1 Bc3 47.Ng4 d4 48.Rac1 Ra2 49.Nf6 Rxa4 50.Nd7 Rb2
51.Nc5 Ra5 52.Ne4 Rb3 53.Nd2 Rb6 54.Ne4 Bb2 55.Rb1 d3 56.Nc3 Rb3 57.Ne4 Rb4
58.Rd2 Ra1 59.Rdd1 Rxb1 60.Rxb1 Bb5 61.Nc5 d2 62.Bd1 g5 63.Kh1 Kh6 64.f3 Bc3
65.Rxb4 Bxb4 66.Ne4 Kg6 67.Kg1 Kf5 68.Nd6+ Bxd6 69.exd6 Ke5 70.Kf2 Kxd6 71.Ke3 Ke5
72.f4+ gxf4+ 73.Kxd2 Bc6  0-1

[Event "CRO-chT2"]
[Site "Pula"]
[Date "1998.??.??"]
[Round "6"]
[White "Podobnik, Marijan"]
[Black "Bilobrk, Franjo"]
[Result "1-0"]
[WhiteElo "2310"]
[BlackElo "2365"]

1.e4 e6 2.d4 d5 3.Nd2 Nc6 4.Ngf3 Nf6 5.e5 Nd7 6.Be2 Be7 7.Nf1 b6 8.Ne3 Ncb8
9.O-O c5 10.c3 Ba6 11.Bxa6 Nxa6 12.g3 Nc7 13.h4 O-O 14.Kg2 c4 15.Ng5 Qe8
16.Qh5 h6 17.Ng4 Bxg5 18.hxg5 f5 19.Nxh6+ gxh6 20.g6 f4 21.Rh1 Qe7 22.Bxf4 Rxf4
23.gxf4 Qg7 24.Qxh6 Nf8 25.Kf3 Qxh6 26.Rxh6 Ne8 27.Rah1 Kg7 28.Rh8 b5 29.Kg4 a5
30.Kg5 b4 31.R1h7+ Nxh7+ 32.Rxh7+ Kg8 33.Kh6 a4 34.a3 bxc3 35.bxc3 Rb8 36.g7 Nxg7
37.Rxg7+ Kf8 38.Ra7 Rb3 39.Kg6 Rxc3 40.Kf6 Kg8 41.Kxe6 Rxa3 42.f5 c3 43.f6 Rb3
44.Ra8+ Kh7 45.f7  1-0

[Event "Pula op"]
[Site "Pula"]
[Date "1998.??.??"]
[Round "7"]
[White "Van den Doel, Erik"]
[Black "Furlan, Miha"]
[Result "1-0"]
[WhiteElo "2485"]
[BlackElo "2330"]

1.e4 e6 2.d4 d5 3.Nd2 Nc6 4.Ngf3 Nf6 5.e5 Nd7 6.Be2 Be7 7.O-O f6 8.exf6 Bxf6
9.Nb3 O-O 10.c4 Kh8 11.cxd5 exd5 12.h3 a5 13.Be3 a4 14.Nbd2 Ne7 15.Qc2 Nb6
16.Bd3 g6 17.Bh6 Bg7 18.Bxg7+ Kxg7 19.Ne5 Bf5 20.Rae1 Nd7 21.Ndf3 Nxe5 22.Nxe5 a3
23.b3 Ra6 24.Qc1 Ra8 25.Bb5 c6 26.Be2 Qd6 27.g4 Be6 28.Bd1 b6 29.Re2 Ra7
30.Rfe1 Bc8 31.Nd3 Rf6 32.Re5 Re6 33.Qe3 Rxe5 34.dxe5 Qc7 35.e6 Qd8 36.Qf4 Qf8
37.Qd4+ Qf6 38.Qxb6 Ra8 39.Qc7 Ba6 40.Nc5 Rf8 41.Qg3 Bc8 42.Nd7 Bxd7 43.exd7 c5
44.g5  1-0

[Event "Radenci op"]
[Site "Radenci"]
[Date "1998.??.??"]
[Round "?"]
[White "Sermek, Drazen"]
[Black "Cosic, Radoslav"]
[Result "1-0"]
[WhiteElo "2510"]
[BlackElo "2145"]

1.e4 e6 2.d4 d5 3.Nd2 Nc6 4.Ngf3 a6 5.c3 Qd7 6.Bd3 dxe4 7.Nxe4 Nf6 8.Qe2 Be7
9.O-O b6 10.Ne5 Nxe5 11.dxe5 Nxe4 12.Bxe4 c6 13.Qg4 Kf8 14.Bg5 Bxg5 15.Qxg5 h6
16.Qf4 Qc7 17.Rad1 f5 18.Rd6 g5 19.Qf3 Qg7 20.Bxf5 exf5 21.Qxc6 Qxe5 22.Rd8+ Kg7
23.Rxh8 Kxh8 24.Qxa8 Qe6 25.Qa7 Qc6 26.Qe7 Bb7 27.Qf8+  1-0

[Event "Balazs mem op"]
[Site "Salgotarjan"]
[Date "1998.??.??"]
[Round "9"]
[White "Vereb, Andras"]
[Black "Szabo, Ervin"]
[Result "1/2-1/2"]
[WhiteElo "2130"]
[BlackElo "2180"]

1.e4 e6 2.d4 d5 3.Nd2 a6 4.Bd3 c5 5.dxc5 Bxc5 6.c3 Nc6 7.Ngf3 b5 8.O-O Bb7
9.Qe2 Nce7 10.Re1 Rc8 11.Nb3 dxe4 12.Bxe4 Bxe4 13.Qxe4 Qd5 14.Qxd5 Nxd5 15.Nxc5 Rxc5
16.a4 b4 17.cxb4 Nxb4 18.Be3 Rc2 19.Rec1 Ne7 20.Bc5 Rxb2 21.Rab1 Rxb1 22.Rxb1 Nbc6
23.Rb6 Kd7 24.Bxe7 Nxe7 25.Ne5+ Kc7 26.Rxa6 Rb8 27.Kf1 f6 28.Rxe6 Nf5 29.Nf3 Ra8
30.Re4 Kd6 31.Rb4 Ra7 32.Nd4 Nxd4 33.Rxd4+ Kc6 34.Re4 Kd5 35.f3 g6 36.g4 Rb7
37.Kf2 f5 38.gxf5 gxf5 39.Re2 Ra7 40.Ra2 Ra5 41.Ke3 Ke5 42.f4+ Kd5 43.Kd3 h6
44.h3 Kc5 45.Rc2+ Kd5 46.Rc4 Ra8 47.Rd4+ Kc5 48.Kc3 Rg8 49.Rc4+ Kd5 50.Rd4+ Kc5
51.a5 Rg3+ 52.Rd3 Rg1 53.a6 Ra1 54.Re3 Rxa6 55.Re5+ Kd6  1/2-1/2

[Event "San Jose op"]
[Site "San Jose"]
[Date "1998.??.??"]
[Round "2"]
[White "Landa, FJ."]
[Black "Ansola Marquinez, Alberto"]
[Result "0-1"]
[WhiteElo "2015"]
[BlackElo "2165"]

1.e4 e6 2.d4 d5 3.Nd2 Nc6 4.Ngf3 Nf6 5.Bd3 Nb4 6.e5 Nd7 7.Be2 c5 8.c3 Nc6
9.Nb3 cxd4 10.cxd4 Bb4+ 11.Bd2 Bxd2+ 12.Qxd2 Qb6 13.O-O a5 14.Rfc1 O-O 15.Nc5 Qb4
16.Qxb4 axb4 17.a3 Nxc5 18.Rxc5 f6 19.Bb5 Bd7 20.exf6 gxf6 21.a4 Kf7 22.Kf1 Ke7
23.Ke2 Rfc8 24.Rac1 Kd6 25.Ke3 e5 26.dxe5+ fxe5 27.Rd1 Kxc5 28.Bxc6 Rxc6
29.Nxe5 Re6 30.f4 Rxa4 31.Rc1+ Kd6 32.g3 Bc6 33.Kf2 Rxe5 34.fxe5+ Kxe5 35.Re1+ Kd4
36.Re7 Ra2 37.Rxh7 Rxb2+ 38.Kf3 Kc3 39.h4 d4+ 40.Kf4 d3 41.h5 d2  0-1

[Event "Seefeld op 9th"]
[Site "Seefeld"]
[Date "1998.??.??"]
[Round "8"]
[White "Luett, Michael"]
[Black "Laengl, Juergen"]
[Result "0-1"]
[WhiteElo "2125"]
[BlackElo "2260"]

1.e4 e6 2.d4 d5 3.Nd2 Nc6 4.Ngf3 Nf6 5.e5 Nd7 6.c4 dxc4 7.Bxc4 Nb6 8.Bb5 Qd5
9.Qb3 Bd7 10.Bd3 Nb4 11.Be4 Qb5 12.a3 N4d5 13.Bd3 Qxb3 14.Nxb3 a5 15.Bd2 Na4
16.Rb1 b6 17.O-O h6 18.Rfc1 Nxb2 19.Rxb2 Bxa3 20.Rbb1 a4 21.Na1 Bxc1 22.Bxc1 O-O
23.Ba3 Rfb8 24.Nc2 Nc3 25.Rb2 Bc6 26.Nfe1 Rd8 27.f3 Bd5 28.Kf1 Bb7 29.Bb4 Nd5
30.Ba3 Rd7 31.g3 Nc3 32.Bb4 Nd5 33.Ba3 f5 34.exf6 gxf6 35.f4 Nc3 36.Bb4 Nd5
37.Ba3 Kf7 38.Ke2 Nc3+ 39.Kd2 Ne4+ 40.Ke3 Nc3 41.Kd2 Nd5 42.Rb1 Ne7 43.Kc3 Bd5
44.Be2 Ba2 45.Rd1 c6 46.Bf3 Rc8 47.Rd3 Nd5+ 48.Kb2 Bc4 49.Rd1 c5 50.Nd3 cxd4
51.Nxd4 Ne3 52.Bh5+ Kg8  0-1

[Event "Svetla nad Sazavou op-A"]
[Site "Svetla nad Sazavou"]
[Date "1998.??.??"]
[Round "2"]
[White "Nemec, Pavel"]
[Black "Kucera, Petr"]
[Result "0-1"]
[WhiteElo "2310"]
[BlackElo "2380"]

1.e4 e6 2.d4 d5 3.Nd2 Nc6 4.c3 e5 5.exd5 Qxd5 6.Ngf3 exd4 7.Bc4 Qf5 8.Qe2+ Be7
9.cxd4 Nf6 10.O-O O-O 11.Nb3 Bd6 12.Re1 Nb4 13.a3 Nbd5 14.Ne5 c6 15.Nc5 Re8
16.b4 Bxc5 17.bxc5 Be6 18.Bd3 Nf4 19.Bxf5 Nxe2+ 20.Rxe2 Bxf5 21.Be3 Nd5 22.Rb2 Re7
23.Nc4 Bd3 24.Nd6 b5 25.Rd2 Bg6 26.Bg5 f6 27.Bh4 a5 28.Bg3 a4 29.h3 h5 30.Rb2 Nc3
31.Rd2 Nd5 32.Rb2 Bh7 33.Rc1 g5 34.h4 g4 35.Ra1 Kg7 36.Rd2 Kg6 37.Rdd1 b4
38.axb4 Nxb4 39.Nc4 Ra6 40.Nb6 a3 41.Bd6 Re2 42.d5 Bg8 43.dxc6 Nxc6 44.Nd5 Bxd5
45.Rxd5 a2  0-1

[Event "SVK-chT 9798"]
[Site "SVK"]
[Date "1998.??.??"]
[Round "6"]
[White "Hacik, Radomir"]
[Black "Biro, Karol"]
[Result "1-0"]
[WhiteElo "2210"]
[BlackElo "2235"]

1.e4 e6 2.d4 d5 3.Nd2 a6 4.Bd3 c5 5.c3 cxd4 6.cxd4 Nc6 7.Ngf3 dxe4 8.Nxe4 Be7
9.O-O Nf6 10.Bg5 Qa5 11.Rc1 Nb4 12.Qd2 Qd8 13.Bxf6 gxf6 14.Nxf6+ Bxf6 15.Qxb4 Qd5
16.Rc5 Qd8 17.Rh5 h6 18.Be4 Rb8 19.Ne5 Qe7 20.Qd2 Bg5 21.f4 Bf6 22.d5 Qc5+
23.Kh1 Qd6 24.Rd1 Kf8 25.Qe2 exd5 26.Bxd5 Qe7 27.Bxf7 Kg7 28.Bb3 b5 29.Qd3 Bxe5
30.Rxe5 Qh4 31.Qd4 Qf6 32.Re7+ Kg6 33.Bf7+  1-0

[Event "RUS-Cup07"]
[Site "Tomsk"]
[Date "1998.??.??"]
[Round "2"]
[White "Kanatov, Askar"]
[Black "Kiriakov, Petr"]
[Result "1/2-1/2"]
[WhiteElo "2285"]
[BlackElo "2545"]

1.e4 e6 2.d4 d5 3.Nd2 a6 4.Ngf3 c5 5.exd5 exd5 6.Be2 c4 7.O-O Bd6 8.Re1 Ne7
9.b3 b5 10.a4 Bb7 11.axb5 axb5 12.Rxa8 Bxa8 13.Nf1 Nbc6 14.Ng3 O-O 15.c3 Bb7
16.b4 Qc7 17.Qc2 f6 18.Bd1 Bc8 19.Qe2 Bg4 20.Bc2 Bxg3 21.hxg3 Qd7 22.Qe3 Bf5
23.Bd1 Ra8 24.Be2 h6 25.Nh2 Ra2 26.Bf3 Kf7 27.g4 Bd3 28.Nf1 Nd8 29.Ng3 Ne6
30.Nh5 Qd6 31.Bd1 Ra1 32.g3 g6 33.Nf4 Nxf4 34.gxf4 Qd7 35.Bf3 Be4 36.Be2 f5
37.f3 Bd3 38.Bxd3 cxd3 39.g5 hxg5 40.fxg5 f4 41.Qxf4+ Nf5 42.Bd2 Rxe1+ 43.Bxe1 Qe7
44.Bd2 Qe2 45.Qc7+ Ne7 46.Qf4+ Ke8 47.Qe3 Qd1+ 48.Kf2 Qc2 49.Qe1 Kd7 50.Qc1 Qa2
51.Ke3 Qc4 52.Qb1 Nf5+ 53.Kf2  1/2-1/2

[Event "Trinec op9798"]
[Site "Trinec"]
[Date "1998.??.??"]
[Round "?"]
[White "Ciganikova, Andrea"]
[Black "Dziadykiewicz, Tadeusz"]
[Result "0-1"]
[WhiteElo "2140"]
[BlackElo "2110"]

1.e4 e6 2.d4 d5 3.Nd2 Nc6 4.Ngf3 Nf6 5.e5 Ne4 6.Bd3 Nxd2 7.Bxd2 Nb4 8.Be2 c5
9.c3 Nc6 10.Be3 Qb6 11.b3 Bd7 12.O-O cxd4 13.cxd4 Rc8 14.Rc1 Ba3 15.Rc2 O-O
16.Bd3 h6 17.Nh4 f5 18.exf6 Rxf6 19.Ng6 Be8 20.Ne5 Kh8 21.Qg4 Rd8 22.Qh4 Be7
23.Bg5 Qxd4 24.Nxc6 Qxh4 25.Bxh4 bxc6 26.Bxf6 Bxf6 27.Re1 Rd6 28.f4 Bd4+
29.Kh1 c5 30.Rce2 Bf7 31.g4 g5 32.fxg5 hxg5 33.Rf1 Kg7 34.h4 gxh4 35.Rh2 e5
36.Rxh4 e4 37.Bb5 Bg6 38.Be2 Bf6 39.Rh2 d4 40.Bd1 d3 41.g5 Bd4 42.Bg4 Rd5
43.Be6 Rxg5 44.Rg2 Rh5+ 45.Rh2 Re5 46.Bc4 e3 47.Rg2 Rh5+ 48.Rh2 Be4+  0-1

[Event "Vienna op 13th"]
[Site "Vienna"]
[Date "1998.??.??"]
[Round "?"]
[White "Anka, Emil"]
[Black "Eingorn, Vereslav S"]
[Result "1-0"]
[WhiteElo "2420"]
[BlackElo "2605"]

1.e4 e6 2.d4 d5 3.Nd2 a6 4.Ngf3 Nf6 5.Bd3 c5 6.exd5 exd5 7.dxc5 Bxc5 8.Nb3 Qe7+
9.Qe2 Qxe2+ 10.Kxe2 Bd6 11.Re1 O-O 12.h3 Nc6 13.c3 Ne4 14.Be3 Bf5 15.Rad1 Bc7
16.Nc5 Rfe8 17.Kf1 Rab8 18.Bb1 Nxc5 19.Bxf5 Na4 20.Rxd5 Nxb2 21.Rd7 Ba5 22.Bf4 Rxe1+
23.Nxe1 Re8 24.Rxb7 Bxc3 25.Nf3 Ne7 26.Bd7 Ra8 27.Bd6 Ng6 28.Bc6 Nc4 29.Bc7 Ne7
30.Rb3 Nxc6 31.Rxc3 N4a5 32.Rc5  1-0

[Event "Vienna op 13th"]
[Site "Vienna"]
[Date "1998.??.??"]
[Round "?"]
[White "Krieger, Hermann"]
[Black "Alienkin, Aleksander"]
[Result "0-1"]
[WhiteElo "2185"]
[BlackElo "2415"]

1.e4 e6 2.d4 d5 3.Nd2 a6 4.Bd3 c5 5.dxc5 Bxc5 6.Ngf3 Nf6 7.O-O Nc6 8.c3 Ba7
9.exd5 exd5 10.Re1+ Be6 11.Nb3 O-O 12.Nfd4 Qd6 13.g3 Bg4 14.f3 Bh5 15.Bf4 Qd7
16.Bf5  0-1

[Event "CHI-ch"]
[Site "Vina del Mar"]
[Date "1998.??.??"]
[Round "11"]
[White "Bulgarini, Marco"]
[Black "Rojas, Luis"]
[Result "0-1"]
[WhiteElo "2055"]
[BlackElo "2455"]

1.e4 e6 2.d4 d5 3.Nd2 Nc6 4.Ngf3 Nf6 5.e5 Nd7 6.Bb5 f6 7.O-O fxe5 8.dxe5 Be7
9.Bxc6 bxc6 10.Nd4 Nxe5 11.Qh5+ Nf7 12.Nxc6 Qd6 13.Nxe7 Qxe7 14.Re1 Qd6 15.c4 O-O
16.b3 Bb7 17.Bb2 d4 18.Nf3 Bxf3 19.Qxf3 c5 20.Qg4 e5 21.Re4 a5 22.Rae1 a4
23.Bc1 axb3 24.axb3 d3 25.Bd2 Ra2 26.Qd1 Qf6 27.f3 Qg6 28.Rg4 Qb6 29.Rge4 Rc2
30.f4 Nd6 31.Rxe5 Qxb3 32.Rg5 Qb2 33.Re7 Nf7 34.Qe1 Nxg5 35.fxg5 Rxd2 36.Qe6+ Kh8
37.Qd5  0-1

[Event "POL-chT2"]
[Site "Wisla"]
[Date "1998.??.??"]
[Round "?"]
[White "Kosiorek, Marek"]
[Black "Wisniewski, Adrian"]
[Result "1-0"]
[WhiteElo "2360"]
[BlackElo "2185"]

1.e4 e6 2.d4 d5 3.Nd2 a6 4.Ngf3 c5 5.exd5 exd5 6.Be2 Nc6 7.O-O Bd6 8.dxc5 Bxc5
9.Nb3 Bb6 10.Re1 Nge7 11.Nfd4 O-O 12.Bg5 Re8 13.Bf3 Bc7 14.Nxc6 bxc6 15.Qd4 Be6
16.Qc3 Qd6 17.g3 Ng6 18.Bh5 Bf5 19.Be3 Ne5 20.Bf4 g6 21.Be2 f6 22.Rad1 a5
23.Nd4 Bd7 24.a4 Kg7 25.h4 Qb4 26.Qxb4 axb4 27.b3 Bb6 28.Kg2 c5 29.Nf3 Bc6
30.Bb5 Bxb5 31.axb5 Nxf3 32.Kxf3 Rxe1 33.Rxe1 Kf7 34.Bd6 Ra7 35.g4 Rd7 36.Bf4 Rb7
37.Rd1 Ke6 38.Ra1 Kd7 39.Rd1 Ke6 40.Ra1 Kd7 41.Ra6 Ke7 42.Ke2 Kd7 43.Kd3 Ke8
44.Be3 Kd7 45.Kd2 Ke8 46.Kd3 Kd7 47.h5 Kd6 48.Ra8 g5 49.Rf8 Ke7 50.Rg8 d4
51.Rh8 Ke6 52.Bd2 Kd5 53.h6 Ba5 54.Rg8 Rxb5 55.Rg7 Rb8  1-0